[Event "Girls U20 Polish Youth Championship"]
[Site "Ustron"]
[Date "2019.11.23"]
[Round "1"]
[White "Adamczyk, Zuzanna"]
[Black "Czernikowska, Laura"]
[Result "1-0"]
[Board "9"]
[WhiteElo "1992"]
[WhiteCountry "POL"]
[WhiteFideId "1187570"]
[WhiteEloChange "2"]
[BlackElo "1349"]
[BlackTitle "WCM"]
[BlackCountry "POL"]
[BlackFideId "21805970"]
[BlackEloChange "-2"]

1. e4 {[%clk 1:30:53]} c5 {[%clk 1:30:52]} 2. Nf3 {[%clk 1:31:14]} e6 {[%clk
1:31:14]} 3. d4 {[%clk 1:31:26]} cxd4 {[%clk 1:31:34]} 4. Nxd4 {[%clk 1:31:40]}
Nc6 {[%clk 1:31:52]} 5. Nc3 {[%clk 1:31:38]} Nf6 {[%clk 1:31:08]} 6. Ndb5 {[%clk
1:31:33]} d6 {[%clk 1:30:41]} 7. Bf4 {[%clk 1:31:19]} e5 {[%clk 1:29:58]} 8. Bg5
{[%clk 1:31:14]} a6 {[%clk 1:23:12]} 9. Bxf6 {[%clk 1:29:28]} gxf6 {[%clk
1:23:01]} 10. Na3 {[%clk 1:29:42]} Be6 {[%clk 1:17:47]} 11. Nc4 {[%clk 1:23:43]}
Qc7 {[%clk 1:12:07]} 12. Ne3 {[%clk 1:21:14]} Ne7 {[%clk 1:06:46]} 13. Bd3 {[%clk
1:17:02]} O-O-O {[%clk 1:04:17]} 14. Ncd5 {[%clk 1:06:51]} Nxd5 {[%clk 1:02:06]}
15. exd5 {[%clk 1:05:37]} Bd7 {[%clk 1:01:21]} 16. Qh5 {[%clk 1:01:36]} Be8
{[%clk 0:49:51]} 17. Qf5+ {[%clk 0:59:56]} Kb8 {[%clk 0:46:58]} 18. Qxf6 {[%clk
0:58:37]} Rg8 {[%clk 0:42:16]} 19. Bxh7 {[%clk 0:54:52]} Be7 {[%clk 0:40:33]} 20.
Qf3 {[%clk 0:51:26]} Rf8 {[%clk 0:37:04]} 21. Bf5 {[%clk 0:48:23]} Bg5 {[%clk
0:30:16]} 22. O-O-O {[%clk 0:45:29]} Bd7 {[%clk 0:26:33]} 23. Kb1 {[%clk
0:40:38]} Bxe3 {[%clk 0:24:12]} 24. fxe3 {[%clk 0:39:56]} Bxf5 {[%clk 0:21:34]}
25. Qxf5 {[%clk 0:40:00]} Qc5 {[%clk 0:21:30]} 26. e4 {[%clk 0:37:14]} Rc8 {[%clk
0:19:59]} 27. Rc1 {[%clk 0:35:18]} Qe3 {[%clk 0:18:06]} 28. Qf3 {[%clk 0:31:42]}
Qh6 {[%clk 0:16:22]} 29. h4 {[%clk 0:31:19]} f6 {[%clk 0:14:47]} 30. g4 {[%clk
0:29:53]} Qh8 {[%clk 0:14:28]} 31. Qf5 {[%clk 0:28:10]} Kc7 {[%clk 0:12:01]} 32.
Rh3 {[%clk 0:26:30]} Rcd8 {[%clk 0:10:37]} 33. Rf1 {[%clk 0:22:39]} Qg7 {[%clk
0:09:03]} 34. h5 {[%clk 0:20:33]} Qh6 {[%clk 0:08:58]} 35. Qg6 {[%clk 0:18:07]}
Qd2 {[%clk 0:08:51]} 36. Qg7+ {[%clk 0:15:40]} Kb8 {[%clk 0:09:17]} 37. Rb3
{[%clk 0:15:18]} b5 {[%clk 0:09:16]} 38. Rc3 {[%clk 0:13:43]} Qe2 {[%clk
0:09:13]} 39. Rc1 {[%clk 0:13:41]} Rc8 {[%clk 0:08:48]} 40. Rc6 {[%clk 0:43:54]}
Qe3 {[%clk 0:37:00]} 41. Rxd6 {[%clk 0:42:49]} Qc5 {[%clk 0:35:56]} 1-0